Music Quiz

Random Music or Pop Music Quiz

White Iverson Lyrics Quiz Stats

 Plays Quiz not verified by Sporcle

Support Sporcle.
Go Orange.
Score 0/300 Timer 10:00
0 Plays Today
% Correct
(CHORUS)
100%
(CHORUS REPEATS)
99.7%
(PRE-CHORUS)
99.7%
(CHORUS)
99.7%
(PRE-CHORUS)
99.7%
I
97.6%
I
97.6%
I
97.6%
I
97.6%
I
97.6%
I
97.6%
ah
97.6%
I
97.6%
I
97.6%
ah
97.6%
I
97.6%
I
97.6%
I
97.6%
I
97.6%
I
97.6%
I
97.6%
I
97.6%
I
97.6%
I
97.6%
I
97.6%
I
97.6%
I
97.6%
you.
93.6%
you.
93.6%
You
93.6%
you
93.6%
you
93.6%
you
93.6%
you
93.6%
ball
92.4%
ball
92.4%
I'm
91.7%
I'm
91.7%
I'm
91.7%
I'm
91.7%
I'm
91.7%
I'm
91.7%
I'm
91.7%
I'm
91.7%
I'm
91.7%
I'm
91.7%
I'm
91.7%
I'm
91.7%
I'm
91.7%
I'm
91.7%
I'm
91.7%
I'm
91.7%
I'm
91.7%
a
90.1%
a
90.1%
a
90.1%
ballin',
89.3%
ballin',
89.3%
ballin'
89.3%
ballin',
89.3%
Iverson
88.8%
Iverson,
88.8%
on
87.2%
on
87.2%
on
87.2%
on
87.2%
white
84%
White
84%
saucin',
83.5%
saucin'
83.5%
saucin',
83.5%
me
82.2%
me
82.2%
me,
82.2%
me
82.2%
me
82.2%
me
82.2%
in
81.7%
in
81.7%
in,
81.7%
gon'
80.1%
when
79.2%
when
79.2%
when
79.2%
the
78.6%
the
78.6%
the
78.6%
the
78.6%
the
78.6%
the
78.6%
the
78.6%
the
78.6%
the
78.6%
Started
77.8%
started
77.8%
do
77.2%
do
77.2%
do
77.2%
young,
76.3%
swaggin'
75.5%
% Correct
was
74.5%
that
73.2%
that
73.2%
like
72.9%
Like
72.9%
like
72.9%
like
72.9%
like
72.9%
like
72.9%
my
72%
my
72%
my
72%
my
72%
my
72%
my
72%
my
72%
my
72%
my
72%
my
72%
My
72%
my
72%
yeah
68.7%
yeah
68.7%
never
68.6%
never
68.6%
never
68.6%
new
68.1%
new
68.1%
new
68.1%
New
68.1%
(EXPLETIVE) practice
68.1%
gone.
65.3%
money
65.1%
ring
65.1%
money
65.1%
out,
64.9%
out,
64.9%
out,
64.9%
out
64.9%
'bout
64.7%
no
64.2%
no
64.2%
think
63.7%
won,
63.3%
won.
63.3%
Double
63.2%
Double
63.2%
OT.
63.1%
OT,
63.1%
OT,
63.1%
Watch
62.9%
watch
62.9%
watch
62.9%
and
62.7%
and
62.7%
And
62.7%
and
62.7%
and
62.7%
and
62.7%
and
62.7%
and
62.7%
about
62.4%
So
60.3%
(EXPLETIVE) it
58.7%
got
56.8%
got
56.8%
all
56.8%
all
56.8%
all
56.8%
it
56.7%
it
56.7%
it
56.7%
it.
56.7%
it,
56.7%
it,
56.7%
it
56.7%
from
56%
from
56%
need
56%
from
56%
Spendin',
55.4%
spendin',
55.4%
know
55%
know
55%
know
55%
know
55%
some
54.2%
some
54.2%
some
54.2%
thats
53.9%
thats
53.9%
thats
53.9%
shot,
53.7%
shot,
53.7%
shot,
53.7%
hoes.
53.1%
pay.
49.8%
see
49.6%
see
49.6%
this
48.8%
% Correct
this
48.8%
(EXPLETIVE) just
48.1%
3
47.1%
don't
46.7%
don't
46.7%
OG.
45.7%
rich
45.2%
to
44.7%
but
44.5%
can't
44.2%
can't
44.2%
ain't
44.1%
ain't
44.1%
broke,
44%
with
43.7%
with
43.7%
Or
43.6%
Davis,
43.3%
happen,
41.8%
2-3's
41.7%
Orleans.
41.6%
KD,
41.4%
smokin'
41.4%
they
40.3%
braids
39.9%
saucing',
39.8%
swagging',
39.8%
swagging',
39.8%
yet
38.9%
store,
38.4%
miss
38%
if
37.9%
rockin'
37.8%
Harden,
37.8%
girls
37.7%
breed.
37.2%
smiling,
36.8%
man.
36.5%
man.
36.5%
man.
36.5%
nothin'.
35.9%
how
34.8%
Coca.
34.8%
Cigarettes
34.8%
jump
34.4%
Jordans.
34.2%
buy
34.1%
gold
34%
often,
33.7%
talkin'.
33.7%
teeth.
33%
lovin'
32.7%
nosebleeds.
32.4%
sleeve
32.2%
head,
32.1%
question.
31.3%
toes.
31.1%
pass
30.3%
options,
30.2%
make
29.6%
answer,
29.4%
have
29%
walk
28.6%
Joes.
28.4%
happens,
28.1%
lesson.
28%
up,
27.8%
change
27.7%
bread,
27.5%
dead
27.3%
these
27.3%
average,
27.1%
y'all
27.1%
y'all
27.1%
magic.
27%
stand
26.9%
over
26.8%
jumpin',
26.6%
them
26.4%
right
26%
Commas,
25.8%
commas
25.8%
happy.
25.8%
headband.
25.8%
learn
25%
tragic,
24.8%
black,
24.7%
Concords
24.5%
It's
24.1%
bet
24%
Red
23.9%
Slumped
23.7%
Shaqtin'
23.5%
Lace
22.8%
makes
21.4%
3's
20.8%
work
20.1%
High
18.9%
I'll
17.2%
they're
15%

You're not logged in!

Compare scores with friends on all Sporcle quizzes.
OR
Log In

From the Vault

Hide Your 'L' Movies

by timmylemoine1

Let's not linger and tuck 'em away!
Remove Ads.
Support Sporcle.
Get the best of Sporcle when you Go Orange. This ad-free experience offers more features, more stats, and more fun while also helping to support Sporcle. Thank you for becoming a member.

Show Comments

Extras

Top Quizzes Today


Score Distribution

Your Account Isn't Verified!

In order to create a playlist on Sporcle, you need to verify the email address you used during registration. Go to your Sporcle Settings to finish the process.

Report this User

Report this user for behavior that violates our Community Guidelines.

Details: